书目信息 |
| 题名: |
建筑工业施工监理手册
|
|
| 作者: | 欧震修 主编 | |
| 分册: | ||
| 出版信息: | 北京 中国建筑工业出版社 2001.05 |
|
| 页数: | 675页 | |
| 开本: | 20cm | |
| 丛书名: | ||
| 单 册: | ||
| 中图分类: | TU , TU712-62 | |
| 科图分类: | ||
| 主题词: | 建筑工程--施工管理 | |
| 电子资源: | ||
| ISBN: | 7-112-04359-X | |
| 000 | 00630nam0 2200217 45 | |
| 001 | 0260733267 | |
| 005 | 2002110416521327 | |
| 010 | @a7-112-04359-X@dCNY 38.00 | |
| 100 | @a20021104d2001 km y0chiy0120 ea | |
| 101 | 0 | @achi |
| 102 | @aCN@b110000 | |
| 200 | 1 | @a建筑工业施工监理手册@Ajian zhu gong ye shi gong jian li shou ce@f欧震修主编@Fou zhen xiu zhu bian |
| 205 | @a2版 | |
| 210 | @a北京@c中国建筑工业出版社@d2001.05 | |
| 215 | @a675页@d20cm | |
| 606 | 0 | @a建筑工程@x施工管理 |
| 690 | @aTU@v3 | |
| 690 | @aTU712-62@v4 | |
| 701 | 0 | @a欧震修@Aou zhen xiu@4主编 |
| 801 | 0 | @aCN@bPFT@c20021104 |
| 905 | @a10447@dTU712-62@eO610 | |
| 建筑工业施工监理手册/欧震修主编.-2版.-北京:中国建筑工业出版社,2001.05 |
| 675页;20cm |
| ISBN 7-112-04359-X:CNY 38.00 |
| ● |
| 相关链接 |
|
|
|
正题名:建筑工业施工监理手册
索取号:TU712-62/O610
 
预约/预借
| 序号 | 登录号 | 条形码 | 馆藏地/架位号 | 状态 | 备注 |
| 1 | 370197 | 203701976 | 建筑库201/ [索取号:TU712-62/O610] | 在馆 | |
| 2 | 370198 | 203701985 | 自科二线404/404自科库 9排4列6层/ [索取号:TU712-62/O610] | 在馆 | |
| 3 | 370199 | 203701994 | 自科二线404/404自科库 9排4列6层/ [索取号:TU712-62/O610] | 在馆 | |
| 4 | 374534 | 203745340 | 建筑库201/201建筑库 22排3列3层/ [索取号:TU712-62/O610] | 在馆 | |
| 5 | 374535 | 203745359 | 建筑库201/201建筑库 22排3列3层/ [索取号:TU712-62/O610] | 在馆 | |
| 6 | 374536 | 203745368 | 土木与交通工程学院资料室/土木与交通学院资料室 1排1列1层/ [索取号:TU712-62/O610] | 在馆 | |
| 7 | 374537 | 203745377 | 自科二线404/404自科库 9排4列6层/ [索取号:TU712-62/O610] | 在馆 | |
| 8 | 374538 | 203745386 | 建筑库201/201建筑库 22排3列3层/ [索取号:TU712-62/O610] | 在馆 | |
| 9 | 374539 | 203745395 | 自科二线404/404自科库 9排4列6层/ [索取号:TU712-62/O610] | 在馆 | |
| 10 | 374540 | 203745402 | 自科二线404/404自科库 25排1列4层/ [索取号:TU712-62/O610] | 在馆 |